|
|
|
|
| LEADER |
00000nas a2200000 a 4500 |
| 001 |
ssj0024968 |
| 003 |
WaSeSS |
| 005 |
20200512172242.0 |
| 006 |
m d |
| 007 |
cr n |
| 008 |
040317c19959999ve fr pss 0 0spa c |
| 010 |
|
|
|a 2006267531
|
| 016 |
7 |
|
|a 2123938-1
|2 DE-600
|
| 022 |
|
|
|y 1316-0354
|
| 035 |
|
|
|a (WaSeSS)ssj0024968
|
| 040 |
|
|
|a IWA
|b eng
|c IWA
|d OCLCQ
|d CGU
|d EEM
|d HEBIS
|d OCLCQ
|d DEBBG
|d OCLCQ
|d OCLCF
|d OCLCO
|d OCLCQ
|d OCLCA
|d OCLCE
|d IXA
|d WaSeSS
|
| 041 |
0 |
|
|a spa
|b eng
|b fre
|
| 042 |
|
|
|a pcc
|
| 043 |
|
|
|a s-ve---
|a cl-----
|
| 245 |
0 |
0 |
|a Agroalimentaria
|h [electronic resource].
|
| 246 |
1 |
3 |
|a Revista agroalimentaria
|
| 260 |
|
|
|a Mérida, Venezuela :
|b Centro de Investigaciones Agroalimentarias, Facultad de Ciencias Económicas y Sociales, Universidad de los Andes,
|c 1995-
|
| 310 |
|
|
|a Semiannual
|
| 362 |
1 |
|
|a Began with No. 1 (enero/sept. 1995).
|
| 506 |
|
|
|a License restrictions may limit access.
|
| 546 |
|
|
|a In Spanish with abstracts in English, French, and Spanish.
|
| 588 |
|
|
|a Description based on: No. 1 (enero/sept. 1995); title from journal home page (publisher's Web site, viewed Feb. 15, 2006).
|
| 588 |
|
|
|a Latest issue consulted: Vol. 022, no. 42 (enero-julio 2016) (viewed Sept. 13, 2017).
|
| 650 |
|
0 |
|a Food supply
|z Venezuela
|v Periodicals.
|
| 650 |
|
0 |
|a Nutrition
|z Venezuela
|v Periodicals.
|
| 650 |
|
0 |
|a Agriculture
|x Economic aspects
|z Venezuela
|v Periodicals.
|
| 650 |
|
0 |
|a Food supply
|z Latin America
|v Periodicals.
|
| 650 |
|
0 |
|a Food supply
|v Periodicals.
|
| 650 |
|
0 |
|a Nutrition
|v Periodicals.
|
| 650 |
|
0 |
|a Agriculture
|v Periodicals.
|
| 650 |
|
7 |
|a Agriculture.
|2 fast
|0 (OCoLC)fst00801355
|
| 650 |
|
7 |
|a Agriculture
|x Economic aspects.
|2 fast
|0 (OCoLC)fst00801415
|
| 650 |
|
7 |
|a Food supply.
|2 fast
|0 (OCoLC)fst00931196
|
| 650 |
|
7 |
|a Nutrition.
|2 fast
|0 (OCoLC)fst01042187
|
| 651 |
|
7 |
|a Latin America.
|2 fast
|0 (OCoLC)fst01245945
|
| 651 |
|
7 |
|a Venezuela.
|2 fast
|0 (OCoLC)fst01204166
|
| 655 |
|
0 |
|a Electronic journals.
|
| 710 |
2 |
|
|a Universidad de los Andes (Mérida, Venezuela).
|b Centro de Investigaciones Agroalimentarias.
|
| 776 |
0 |
8 |
|i Print version:
|t Agroalimentaria
|x 1316-0354
|w (DLC)sn 96036064
|w (OCoLC)34232256
|
| 853 |
2 |
0 |
|8 1
|a no.
|i (year)
|j (month/month)
|w f
|
| 856 |
4 |
0 |
|z Full text available from PRISMA Database with HAPI Index: 06/01/2001 to 01/31/2016
|u https://search.proquest.com/publication/21006
|
| 863 |
4 |
1 |
|8 1.1
|a 1
|i 1995
|j 01/09
|